书目信息 |
| 题名: |
基于不确定寿命的可靠性理论
|
|
| 作者: | 刘颖 著 | |
| 分册: | ||
| 出版信息: | 北京 国防工业出版社 2018.08 |
|
| 页数: | XI, 175页 | |
| 开本: | 24cm | |
| 丛书名: | 可靠性新技术丛书 | |
| 单 册: | ||
| 中图分类: | O213.2 | |
| 科图分类: | ||
| 主题词: | 可靠性理论--ke kao xing li lun | |
| 电子资源: | ||
| ISBN: | 978-7-118-11716-5 | |
| 000 | 01200nam 2200289 450 | |
| 001 | 202019138227 | |
| 005 | 20191026133322.0 | |
| 010 | @a978-7-118-11716-5@dCNY68.00 | |
| 100 | @a20191025d2018 em y0chiy50 ea | |
| 101 | 0 | @achi |
| 102 | @aCN@b110000 | |
| 105 | @aa a 000yy | |
| 106 | @ar | |
| 200 | 1 | @a基于不确定寿命的可靠性理论@Aji yu bu que ding shou ming de ke kao xing li lun@d= Reliability theory based on uncertain lifetimes@f刘颖著@zeng |
| 210 | @a北京@c国防工业出版社@d2018.08 | |
| 215 | @aXI, 175页@c图@d24cm | |
| 225 | 2 | @a可靠性新技术丛书@Ake kao xing xin ji shu cong shu |
| 300 | @a“十三五”国家重点出版物出版规划项目 | |
| 320 | @a有书目 (第174-175页) | |
| 330 | @a本书针对系统的不同寿命特征, 分别采用概率论、模糊理论、随机模糊理论三种不同的数学工具对系统进行可靠性建模及分析, 这也是本书的特色所在。成果既能充实和完善系统传统可靠性理论, 同时也会促进相关学科的发展, 具有重要的理论意义。 | |
| 410 | 0 | @12001 @a可靠性新技术丛书 |
| 510 | 1 | @aReliability theory based on uncertain lifetimes@zeng |
| 606 | 0 | @a可靠性理论@Ake kao xing li lun |
| 690 | @aO213.2@v5 | |
| 701 | 0 | @a刘颖@Aliu ying@4著 |
| 801 | 0 | @aCN@c20190905 |
| 905 | @a河南城建学院图书馆@dO213.2@eL712 | |
| 基于不确定寿命的可靠性理论= Reliability theory based on uncertain lifetimes/刘颖著.-北京:国防工业出版社,2018.08 |
| XI, 175页:图;24cm.-(可靠性新技术丛书) |
| “十三五”国家重点出版物出版规划项目 |
| ISBN 978-7-118-11716-5:CNY68.00 |
| 本书针对系统的不同寿命特征, 分别采用概率论、模糊理论、随机模糊理论三种不同的数学工具对系统进行可靠性建模及分析, 这也是本书的特色所在。成果既能充实和完善系统传统可靠性理论, 同时也会促进相关学科的发展, 具有重要的理论意义。 |
| ● |
| 相关链接 |
|
|
|
正题名:基于不确定寿命的可靠性理论
索取号:O213.2/L712
 
预约/预借
| 序号 | 登录号 | 条形码 | 馆藏地/架位号 | 状态 | 备注 |
| 1 | 1456358 | 214563587 | 自科库401/401自科库 78排1列3层/ [索取号:O213.2/L712] | 在馆 | |
| 2 | 1456359 | 214563596 | 自科库401/401自科库 78排1列3层/ [索取号:O213.2/L712] | 在馆 |